000 00413nam a2200157 i 4500
001 80323
003 ES-MaACL
005 20230906174204.0
007 t|
008 041027s1911 xxk ||||1| eng d
100 1 _aHobhouse, Leonard Trelawney.
_963861
245 1 0 _aLiberalism /
_cL.T. Hobhouse.
260 _aLondon :
_bWilliams and Norgate,
_c1956.
300 _a956 p. ;
_c17 cm.
852 _aES-MaACL
_jC-3090
999 _c80323
_d80323